5HLuxD.jpg

KING HENRY VIII SENIOR AND PRIMARY SCHOOL LIBRARY OPAC

ACT (Record no. 6066)

000 -LEADER
fixed length control field 00829nam a22002057a 4500
005 - DATE AND TIME OF LATEST TRANSACTION
control field 20260203165941.0
008 - FIXED-LENGTH DATA ELEMENTS--GENERAL INFORMATION
fixed length control field 260203b ||||| |||| 00| 0 eng d
020 ## - INTERNATIONAL STANDARD BOOK NUMBER
International Standard Book Number 9780358206354
040 ## - CATALOGING SOURCE
Transcribing agency KH8
082 ## - DEWEY DECIMAL CLASSIFICATION NUMBER
Classification number 741.5 MIL
100 ## - MAIN ENTRY--PERSONAL NAME
Personal name MILLER,KAYLA
Relator term AUTHOR
245 ## - TITLE STATEMENT
Title ACT
260 ## - PUBLICATION, DISTRIBUTION, ETC.
Place of publication, distribution, etc. 3 Park Avenue,19th Floor,New York,New York 10016
Name of publisher, distributor, etc. Houghton Mifflin Harcourt Publishing Company
Date of publication, distribution, etc. ©2020
300 ## - PHYSICAL DESCRIPTION
Extent 203 pages
Other physical details colour illustration
Dimensions 14cm x 20cm
520 ## - SUMMARY, ETC.
Summary, etc. Olive is excited to start sixth grade: new teachers, new experiences, and a field trip to the big city with her best buds! But when Olive finds out that a school policy is keeping some kids from going on the trip, she decides to act. - Library Thing -
650 ## - SUBJECT ADDED ENTRY--TOPICAL TERM
Topical term or geographic name entry element Juvenile Fiction
Form subdivision Friendship
655 ## - INDEX TERM--GENRE/FORM
Genre/form data or focus term Comic
655 ## - INDEX TERM--GENRE/FORM
Genre/form data or focus term Social
942 ## - ADDED ENTRY ELEMENTS (KOHA)
Source of classification or shelving scheme
Koha item type Graphic Novel
Holdings
Withdrawn status Lost status Source of classification or shelving scheme Damaged status Not for loan Collection code Permanent Location Current Location Shelving location Date acquired Total Checkouts Full call number Barcode Date due Date last seen Date last checked out Price effective from Koha item type Public note
          Fiction KH8 Primary School Library KH8 Primary School Library Graphic Novel 2026-02-03 3 741.5 MIL KHPL000008284 2026-04-23 2026-04-15 2026-04-15 2026-02-03 Graphic Novel PRIMARY LIBRARY

Powered By KH8 IT Dept